NLSUI OPAC header image

For profit : (Record no. 211930)

MARC details
000 -LEADER
fixed length control field 00745nam a22001937a 4500
005 - DATE AND TIME OF LATEST TRANSACTION
control field 20260619103914.0
008 - FIXED-LENGTH DATA ELEMENTS--GENERAL INFORMATION
fixed length control field 230511b |||||||| |||| 00| 0 eng d
020 ## - INTERNATIONAL STANDARD BOOK NUMBER
International Standard Book Number 9781541601567 (hbk)
082 ## - DEWEY DECIMAL CLASSIFICATION NUMBER
Classification number 346.73 MAG
100 ## - MAIN ENTRY--PERSONAL NAME
Personal name Magnuson, William
245 ## - TITLE STATEMENT
Title For profit :
Remainder of title a history of corporations /
Statement of responsibility, etc. William Magnuson.
260 ## - PUBLICATION, DISTRIBUTION, ETC.
Place of publication, distribution, etc. New York :
Name of publisher, distributor, etc. Basic Books,
Date of publication, distribution, etc. 2022.
300 ## - PHYSICAL DESCRIPTION
Extent vii, 357 p. ;
Dimensions 24 cm.
365 ## - TRADE PRICE
Price amount RS. 2730.00
505 ## - Contents
Contents 1. Corpus economicus 15;<br/>2. The bank 39;<br/>3. The stock 69;<br/>4. The monopoly 103;<br/>5. The assembly line 145;<br/>6. The multinational 181;<br/>7. The raider 217;<br/>8. The start-up 253;<br/>9. Conclusion 297.
650 ## - SUBJECT ADDED ENTRY--TOPICAL TERM
Topical term or geographic name entry element Profit -- history
650 ## - SUBJECT ADDED ENTRY--TOPICAL TERM
Topical term or geographic name entry element Corporation -- economicus.
942 ## - ADDED ENTRY ELEMENTS (KOHA)
Source of classification or shelving scheme Dewey Decimal Classification
Koha item type BOOKs
Holdings
Withdrawn status Lost status Source of classification or shelving scheme Materials specified (bound volume or other part) Damaged status Not for loan Home library Current library Shelving location Date acquired Source of acquisition Cost, normal purchase price Total Checkouts Full call number Barcode Date last seen Price effective from Koha item type Public note
    Dewey Decimal Classification HB     NLS NLS General Stacks 11/05/2023 Purchased - Segment Book 2730.00   346.73 MAG 39161 11/05/2023 11/05/2023 BOOKs Recommended by Dr. Prerna Dhoop